[Event "Bogota Region Univ Ascun-A"]
[Site "Bogota"]
[Date "2016.03.11"]
[Round "2.4"]
[White "Acevedo, Johan Sebastian"]
[Black "Gonzalez Acosta, Victor Alfonso"]
[Result "1-0"]
[WhiteElo "2036"]
[BlackElo "1920"]
[PlyCount "37"]
[EventDate "2016.03.11"]
[EventType "swiss"]
[EventRounds "7"]
[EventCountry "COL"]
[SourceTitle "EXT 2024"]
[Source "ChessBase"]
[SourceDate "2023.10.10"]
[SourceVersion "1"]
[SourceVersionDate "2023.10.10"]
[SourceQuality "1"]

1. e4 c5 2. Nf3 d6 3. d4 cxd4 4. Nxd4 Nf6 5. Nc3 a6 6. Bg5 e6 7. f4 Nbd7 8. Qf3 Qc7 9. g4 Be7 10. 0-0-0 b5 11. Bxf6 gxf6 12. f5 Nc5 13. b4 e5 14. Nd5 Qb7 15. Ne2 Na4 16. Qd3 Nb6 17. Nxe7 Kxe7 18. Qxd6+ Ke8 19. Qxf6 1-0

[Event "COL-ch Universities"]
[Site "Bogota"]
[Date "2015.10.07"]
[Round "5"]
[White "Torrente, Alejandro Josue"]
[Black "Acevedo, Johan Sebastian"]
[Result "1-0"]
[WhiteElo "1817"]
[BlackElo "2022"]
[PlyCount "81"]
[EventDate "2015.10.05"]
[EventType "swiss"]
[EventRounds "6"]
[EventCountry "COL"]
[SourceTitle "CBM 168 Extra"]
[Source "ChessBase"]
[SourceDate "2015.10.29"]
[SourceVersion "1"]
[SourceVersionDate "2015.10.29"]
[SourceQuality "1"]

1. e4 c5 2. Nf3 e6 3. d4 cxd4 4. Nxd4 Nf6 5. Bd3 d5 6. e5 Nfd7 7. Nxe6 Qb6 8. Nxf8 Kxf8 9. Qe2 Nc6 10. f4 Nc5 11. b3 Nd4 12. Qf2 Nxd3+ 13. cxd3 Bf5 14. Bb2 Ne6 15. Qxb6 axb6 16. Kd2 g6 17. g3 Nc5 18. d4 Nd3 19. Ba3+ Kg7 20. Ke3 Rhc8 21. Rd1 Rc2 22. Rxd3 Bxd3 23. Kxd3 Rxh2 24. Bc1 Rg2 25. Nc3 Rd8 26. Be3 Rxg3 27. Rh1 h5 28. a4 f6 29. Nb5 Rf8 30. Nc7 fxe5 31. dxe5 Kf7 32. Kd4 Rc8 33. Rc1 Rd8 34. Nb5 Rd7 35. Rc8 h4 36. Nd6+ Ke6 37. Rh8 h3 38. Rh6 Ke7 39. Bf2 Rxb3 40. Bh4+ Kf8 41. Rh8+ 1-0

[Event "COL-ch U26"]
[Site "Cali"]
[Date "2014.10.21"]
[Round "5"]
[White "Diaz Arboleda, Daniel"]
[Black "Acevedo, Johan Sebastian"]
[Result "1-0"]
[WhiteElo "2126"]
[BlackElo "2068"]
[PlyCount "35"]
[EventDate "2014.10.19"]
[EventType "swiss"]
[EventRounds "6"]
[EventCountry "COL"]
[SourceTitle "EXT 2015"]
[Source "ChessBase"]
[SourceDate "2014.11.20"]
[SourceVersion "1"]
[SourceVersionDate "2014.11.20"]
[SourceQuality "1"]

1. d4 b6 2. c4 Bb7 3. Nc3 Nf6 4. Nf3 e6 5. g3 d5 6. Bg2 dxc4 7. Qa4+ Nbd7 8. Qxc4 c5 9. 0-0 Rc8 10. Rd1 cxd4 11. Qxd4 Bc5 12. Qh4 0-0 13. Bg5 Qe8 14. e4 e5 15. Bh3 Rc6 16. Nd5 h6 17. Bf5 hxg5 18. Nxg5 1-0

[Event "COL-ch U26"]
[Site "Cali"]
[Date "2014.10.19"]
[Round "2"]
[White "Acevedo, Johan Sebastian"]
[Black "Valencia, Andres Felipe"]
[Result "1-0"]
[WhiteElo "2068"]
[BlackElo "1915"]
[PlyCount "51"]
[EventDate "2014.10.19"]
[EventType "swiss"]
[EventRounds "6"]
[EventCountry "COL"]
[SourceTitle "EXT 2015"]
[Source "ChessBase"]
[SourceDate "2014.11.20"]
[SourceVersion "1"]
[SourceVersionDate "2014.11.20"]
[SourceQuality "1"]

1. e4 e6 2. d4 d5 3. Nd2 c5 4. exd5 exd5 5. Ngf3 c4 6. Be2 Nf6 7. c3 Bf5 8. b3 b5 9. a4 bxa4 10. bxc4 Bd7 11. Ne5 Bd6 12. Nxd7 Nbxd7 13. Qxa4 Qc7 14. c5 Bxh2 15. Nf3 Bf4 16. Bxf4 Qxf4 17. Ne5 Rd8 18. c6 0-0 19. cxd7 Ne4 20. 0-0 Nxc3 21. Qc2 Nxe2+ 22. Qxe2 f6 23. Nc6 Rxd7 24. Qe6+ Rdf7 25. Rxa7 Qg5 26. Rxf7 1-0

[Event "COL-ch U26"]
[Site "Cali"]
[Date "2014.10.19"]
[Round "1"]
[White "Elias Alvarez, Alfonso Jose"]
[Black "Acevedo, Johan Sebastian"]
[Result "1-0"]
[WhiteElo "2050"]
[BlackElo "2068"]
[PlyCount "121"]
[EventDate "2014.10.19"]
[EventType "swiss"]
[EventRounds "6"]
[EventCountry "COL"]
[SourceTitle "EXT 2015"]
[Source "ChessBase"]
[SourceDate "2014.11.20"]
[SourceVersion "1"]
[SourceVersionDate "2014.11.20"]
[SourceQuality "1"]

1. e4 c5 2. Nf3 d6 3. d4 cxd4 4. Nxd4 Nf6 5. Nc3 a6 6. Be2 e6 7. 0-0 Qc7 8. a4 b6 9. f4 Bb7 10. Bf3 Nbd7 11. Qe2 0-0-0 12. Kh1 d5 13. e5 Ng8 14. f5 Qxe5 15. fxe6 Qxd4 16. exd7+ Rxd7 17. Bg4 Nf6 18. Rxf6 Qxg4 19. Qxg4 gxf6 20. Be3 h5 21. Qf5 Bc5 22. Bxc5 bxc5 23. Rd1 d4 24. Qxc5+ Kb8 25. Rxd4 Rc8 26. Qb6 Rc6 27. Qb4 a5 28. Qf8+ Rc8 29. Rxd7 Rxf8 30. Kg1 Kc8 31. Rd6 Rg8 32. g3 h4 33. Kf2 hxg3+ 34. hxg3 Rh8 35. Ke3 Rh3 36. Ne2 f5 37. Rf6 Be4 38. c3 Rh1 39. b3 Rb1 40. Nd4 Bd5 41. Rxf5 Bxb3 42. Nxb3 Rxb3 43. Kd4 Ra3 44. Rxa5 Kb7 45. Rf5 Rxa4+ 46. c4 Ra3 47. Rxf7+ Kc6 48. Rg7 Ra1 49. Rg6+ Kc7 50. g4 Kd7 51. c5 Rd1+ 52. Ke4 Re1+ 53. Kf5 Rc1 54. c6+ Kc7 55. Kg5 Rh1 56. Rf6 Rg1 57. Kf5 Kd8 58. g5 Ke7 59. Kg6 Rg2 60. c7 Kd7 61. Rc6 1-0

[Event "Bogota University op 7th"]
[Site "Bogota"]
[Date "2013.10.12"]
[Round "6"]
[White "Torres, Juan Camilo"]
[Black "Acevedo, Johan Sebastian"]
[Result "1-0"]
[WhiteElo "2343"]
[BlackElo "2081"]
[PlyCount "51"]
[EventDate "2013.10.10"]
[EventType "swiss"]
[EventRounds "9"]
[EventCountry "COL"]
[SourceTitle "CBM 156 Extra"]
[Source "ChessBase"]
[SourceDate "2013.10.22"]
[SourceVersion "1"]
[SourceVersionDate "2013.10.22"]
[SourceQuality "1"]

1. d4 d5 2. c4 c6 3. Nf3 Nf6 4. Nc3 dxc4 5. a4 e6 6. e4 Bb4 7. e5 Nd5 8. Bd2 b5 9. axb5 Bxc3 10. bxc3 cxb5 11. Ng5 f5 12. exf6 Nxf6 13. Be2 a6 14. Bh5+ g6 15. Bf3 Ra7 16. Bf4 Bd7 17. 0-0 h6 18. Qb1 Rg8 19. Ne4 Nxe4 20. Qxe4 Kf7 21. Rfe1 Re8 22. Bh5 Qf6 23. Bxb8 Rxb8 24. Bxg6+ Kg7 25. Re3 Rf8 26. Rf3 1-0

[Event "Bogota University op 7th"]
[Site "Bogota"]
[Date "2013.10.11"]
[Round "4"]
[White "Olarte Parra, Jhoan Sebastian"]
[Black "Acevedo, Johan Sebastian"]
[Result "1/2-1/2"]
[WhiteElo "1922"]
[BlackElo "2081"]
[PlyCount "57"]
[EventDate "2013.10.10"]
[EventType "swiss"]
[EventRounds "9"]
[EventCountry "COL"]
[SourceTitle "CBM 156 Extra"]
[Source "ChessBase"]
[SourceDate "2013.10.22"]
[SourceVersion "1"]
[SourceVersionDate "2013.10.22"]
[SourceQuality "1"]

1. e4 c5 2. Nf3 d6 3. c4 g6 4. d4 Bg7 5. Nc3 cxd4 6. Nxd4 Nc6 7. Be3 a6 8. Be2 Nf6 9. 0-0 0-0 10. Rc1 Bd7 11. f4 Rb8 12. Nc2 b5 13. cxb5 axb5 14. b4 Ng4 15. Bxg4 Bxc3 16. Bxd7 Qxd7 17. Nd4 Bxd4 18. Bxd4 Nxd4 19. Qxd4 Ra8 20. Rf2 Ra6 21. f5 Qa7 22. Qd5 e6 23. Qd2 Ra3 24. Rc3 Rxc3 25. Qxc3 exf5 26. exf5 Re8 27. fxg6 hxg6 28. h3 Re2 29. Qf6 1/2-1/2

[Event "Zipaquira IRT U16 Zona Centro"]
[Site "Zipaquira"]
[Date "2011.03.26"]
[Round "6.1"]
[White "Acevedo, Johan Sebastian"]
[Black "Hernandez Sanchez, Jairo Andres"]
[Result "0-1"]
[WhiteElo "2153"]
[BlackElo "2099"]
[PlyCount "43"]
[EventDate "2011.03.24"]
[EventType "swiss"]
[EventRounds "6"]
[EventCountry "COL"]
[SourceTitle "EXT 2024"]
[Source "ChessBase"]
[SourceDate "2023.10.10"]
[SourceVersion "1"]
[SourceVersionDate "2023.10.10"]
[SourceQuality "1"]

1. e4 c5 2. Nf3 g6 3. c4 Bg7 4. Nc3 Nc6 5. Be2 d6 6. d3 e6 7. 0-0 Nge7 8. Bf4 0-0 9. Qc1 Nd4 10. Nxd4 cxd4 11. Nb5 e5 12. Bh6 a6 13. Na3 Rb8 14. Nc2 b5 15. b3 f5 16. f3 Be6 17. Qa3 Qb6 18. Rfb1 fxe4 19. fxe4 bxc4 20. h3 c3 21. Bf3 Bxh3 22. Kh2 0-1

[Event "Zipaquira IRT U16 Zona Centro"]
[Site "Zipaquira"]
[Date "2011.03.25"]
[Round "4.2"]
[White "Ruiz Castillo, Joshua Daniel"]
[Black "Acevedo, Johan Sebastian"]
[Result "1-0"]
[WhiteElo "2137"]
[BlackElo "2153"]
[PlyCount "89"]
[EventDate "2011.03.24"]
[EventType "swiss"]
[EventRounds "6"]
[EventCountry "COL"]
[SourceTitle "EXT 2024"]
[Source "ChessBase"]
[SourceDate "2023.10.10"]
[SourceVersion "1"]
[SourceVersionDate "2023.10.10"]
[SourceQuality "1"]

1. e4 c5 2. Nf3 d6 3. d4 cxd4 4. Nxd4 Nf6 5. Nc3 a6 6. Bg5 e6 7. f4 Be7 8. Qe2 Nbd7 9. 0-0-0 Qc7 10. g4 b5 11. a3 Bb7 12. Bg2 Rc8 13. Bxf6 gxf6 14. Kb1 Nb6 15. g5 Nc4 16. Rd3 Qb6 17. Nd5 exd5 18. exd5 Ne5 19. Nf5 Qd8 20. fxe5 fxe5 21. Bh3 Rc4 22. Qh5 Bf8 23. Rf1 Qc7 24. c3 Bc8 25. Rdf3 Rf4 26. Rxf4 exf4 27. Rxf4 Bxf5+ 28. Bxf5 Bg7 29. Bc2 Qa7 30. Rf1 Be5 31. Re1 Kd8 32. Qf3 Qe7 33. Qe3 Qb7 34. Qf3 Qe7 35. Qf2 Qxg5 36. Qxf7 Qf6 37. Qb7 Bxh2 38. Ka2 Be5 39. Qxa6 h5 40. Qxb5 h4 41. Rf1 Bf4 42. Ba4 Ke7 43. Qc4 h3 44. Rxf4 Qe5 45. Qc7# 1-0

[Event "COL-ch U15"]
[Site "Bogota"]
[Date "2011.02.23"]
[Round "2.2"]
[White "Acevedo, Johan Sebastian"]
[Black "Moreno Lozano, David"]
[Result "1-0"]
[WhiteElo "2153"]
[BlackElo "1916"]
[PlyCount "53"]
[EventDate "2011.02.23"]
[EventType "swiss"]
[EventRounds "7"]
[EventCountry "COL"]
[SourceTitle "EXT 2024"]
[Source "ChessBase"]
[SourceDate "2023.10.10"]
[SourceVersion "1"]
[SourceVersionDate "2023.10.10"]
[SourceQuality "1"]

1. e4 e5 2. Nf3 Nc6 3. Bc4 Nf6 4. Ng5 d5 5. exd5 Na5 6. Bb5+ c6 7. dxc6 bxc6 8. Ba4 h6 9. Nf3 e4 10. Qe2 Be7 11. Ne5 Qd5 12. f4 0-0 13. Nc3 Qd4 14. Bxc6 Nxc6 15. Nxc6 Qc5 16. Nxe7+ Qxe7 17. h3 Qc5 18. Qe3 Qc4 19. b3 Qc6 20. Bb2 Be6 21. 0-0-0 Rfc8 22. Kb1 a5 23. g4 Nd5 24. Qd4 a4 25. Nxd5 Qxc2+ 26. Ka1 axb3 27. Qxg7# 1-0

[Event "COL-ch U15"]
[Site "Bogota"]
[Date "2011.02.23"]
[Round "4.3"]
[White "Acevedo, Johan Sebastian"]
[Black "Uribe Fajardo, Juan Felipe"]
[Result "1-0"]
[WhiteElo "2153"]
[BlackElo "1907"]
[PlyCount "69"]
[EventDate "2011.02.23"]
[EventType "swiss"]
[EventRounds "7"]
[EventCountry "COL"]
[SourceTitle "EXT 2024"]
[Source "ChessBase"]
[SourceDate "2023.10.10"]
[SourceVersion "1"]
[SourceVersionDate "2023.10.10"]
[SourceQuality "1"]

1. e4 c5 2. Nf3 a6 3. d4 cxd4 4. Nxd4 Nf6 5. Nc3 e5 6. Nf3 Bb4 7. Bd3 d5 8. exd5 e4 9. Qe2 Qe7 10. d6 Qxd6 11. Bd2 Bxc3 12. Bxc3 Nbd7 13. Nd2 0-0 14. Nxe4 Qc6 15. 0-0 Nd5 16. Qh5 Nxc3 17. Nxc3 Nf6 18. Qh4 g6 19. Rfe1 Bd7 20. Rad1 Rfe8 21. Ne4 Nxe4 22. Rxe4 Be6 23. Rd4 Rac8 24. Be4 Qb6 25. b3 Qa5 26. a4 b5 27. h3 Qc7 28. axb5 axb5 29. Bd3 Qb6 30. c4 b4 31. Be4 Qa5 32. Bd5 Bf5 33. g4 Bc2 34. Bxf7+ Kg7 35. Bxe8 1-0

[Event "COL-ch U15"]
[Site "Bogota"]
[Date "2011.02.23"]
[Round "5.2"]
[White "Munoz Obando, Laura Alexandra"]
[Black "Acevedo, Johan Sebastian"]
[Result "1-0"]
[WhiteElo "1919"]
[BlackElo "2153"]
[PlyCount "70"]
[EventDate "2011.02.23"]
[EventType "swiss"]
[EventRounds "7"]
[EventCountry "COL"]
[SourceTitle "EXT 2024"]
[Source "ChessBase"]
[SourceDate "2023.10.10"]
[SourceVersion "1"]
[SourceVersionDate "2023.10.10"]
[SourceQuality "1"]

1. e4 c5 2. Nc3 Nc6 3. g3 g6 4. Bg2 Bg7 5. d3 e6 6. Be3 d6 7. Nge2 Nge7 8. Qd2 h5 9. f4 Qb6 10. Nd1 d5 11. 0-0 d4 12. Bf2 Bd7 13. h3 0-0-0 14. c3 Rdg8 15. b4 cxb4 16. cxb4 f5 17. Nb2 h4 18. Nc4 Qxb4 19. Qxb4 Nxb4 20. Nd6+ Kb8 21. Rab1 Kc7 22. e5 hxg3 23. Bxd4 Nec6 24. a3 g5 25. axb4 Nxd4 26. Nxd4 gxf4 27. Nf3 Bc6 28. d4 Bf8 29. b5 Bxf3 30. Rxf3 Bxd6 31. exd6+ Kxd6 32. Rxf4 Rh7 33. d5 Rc8 34. dxe6 Kxe6 35. Ra4 b6 1-0

[Event "Bogota McGregor op 1st"]
[Site "Bogota"]
[Date "2010.12.08"]
[Round "9"]
[White "Acevedo, Johan Sebastian"]
[Black "Castrillon Gomez, Melissa"]
[Result "1-0"]
[WhiteElo "2134"]
[BlackElo "2013"]
[PlyCount "55"]
[EventDate "2010.12.03"]
[EventType "swiss"]
[EventRounds "10"]
[EventCountry "COL"]
[SourceTitle "CBM 139 Extra"]
[Source "ChessBase"]
[SourceDate "2011.01.05"]
[SourceVersion "1"]
[SourceVersionDate "2011.01.05"]
[SourceQuality "1"]

1. e4 c5 2. Nf3 d6 3. d4 cxd4 4. Nxd4 Nf6 5. Nc3 g6 6. Be3 Bg7 7. f3 0-0 8. Qd2 Nc6 9. 0-0-0 d5 10. Nxc6 bxc6 11. exd5 cxd5 12. Nxd5 Nxd5 13. Qxd5 Qc7 14. Qc5 Qb7 15. Qa3 Rb8 16. b3 Bf5 17. Bd3 Qc7 18. Qc5 Qb7 19. Bxf5 gxf5 20. Bd4 Bxd4 21. Rxd4 e6 22. Rhd1 Qa6 23. Qd6 Rb6 24. Qg3+ Kh8 25. Rd8 Qa3+ 26. Kb1 Ra6 27. Rxf8+ Qxf8 28. Qc7 1-0

[Event "COL-ch U16"]
[Site "Bogota"]
[Date "2010.03.31"]
[Round "6.1"]
[White "Acevedo, Johan Sebastian"]
[Black "Blandon Villa, Diego F"]
[Result "1/2-1/2"]
[WhiteElo "2146"]
[BlackElo "2047"]
[PlyCount "71"]
[EventDate "2010.03.29"]
[EventType "swiss"]
[EventRounds "8"]
[EventCountry "COL"]
[SourceTitle "EXT 2024"]
[Source "ChessBase"]
[SourceDate "2023.10.10"]
[SourceVersion "1"]
[SourceVersionDate "2023.10.10"]
[SourceQuality "1"]

1. e4 c5 2. Nf3 d6 3. d4 cxd4 4. Nxd4 Nf6 5. Nc3 g6 6. Be3 Bg7 7. f3 0-0 8. Qd2 Nc6 9. 0-0-0 d5 10. exd5 Nxd5 11. Nxc6 bxc6 12. Nxd5 cxd5 13. Qxd5 Qc7 14. Qc5 Qb7 15. Qa3 Bf5 16. Ba6 Qc6 17. Bd3 Rab8 18. c3 Be6 19. Be4 Qc4 20. Bxa7 Ra8 21. Bxa8 Rxa8 22. Qa5 Qf4+ 23. Rd2 Bh6 24. Rhd1 Qxh2 25. Kc2 Bf5+ 26. Kb3 Bxd2 27. Rxd2 Be6+ 28. c4 Rf8 29. Rd8 Qxg2 30. Rxf8+ Kxf8 31. Qd8+ Kg7 32. Bd4+ Kh6 33. Be3+ Kg7 34. Bd4+ Kh6 35. Be3+ Kg7 36. Qxe7 1/2-1/2

[Event "COL-ch U16"]
[Site "Bogota"]
[Date "2010.03.30"]
[Round "3.1"]
[White "Posada, Juan Manuel"]
[Black "Acevedo, Johan Sebastian"]
[Result "1-0"]
[WhiteElo "1996"]
[BlackElo "2146"]
[PlyCount "47"]
[EventDate "2010.03.29"]
[EventType "swiss"]
[EventRounds "8"]
[EventCountry "COL"]
[SourceTitle "EXT 2024"]
[Source "ChessBase"]
[SourceDate "2023.10.10"]
[SourceVersion "1"]
[SourceVersionDate "2023.10.10"]
[SourceQuality "1"]

1. e4 c5 2. Nc3 d6 3. g3 Nc6 4. Bg2 g6 5. d3 e6 6. Be3 Bg7 7. f4 Nge7 8. Nf3 Qb6 9. Rb1 d5 10. Na4 Qa5+ 11. c3 b6 12. 0-0 dxe4 13. dxe4 Ba6 14. b4 cxb4 15. cxb4 Qh5 16. Rf2 Bb5 17. Nb2 Rd8 18. Rd2 Rxd2 19. Qxd2 0-0 20. h3 Rd8 21. Qe1 Bd3 22. Nxd3 Rxd3 23. Qe2 Qb5 24. Bf1 1-0

[Event "COL-ch U14"]
[Site "Medellin"]
[Date "2009.12.19"]
[Round "9"]
[White "Acevedo, Johan Sebastian"]
[Black "Mayorquin, Nicolas"]
[Result "1-0"]
[WhiteElo "2157"]
[BlackElo "1824"]
[PlyCount "57"]
[EventDate "2009.12.15"]
[EventType "swiss"]
[EventRounds "9"]
[EventCountry "COL"]
[SourceTitle "EXT 2024"]
[Source "ChessBase"]
[SourceDate "2023.10.10"]
[SourceVersion "1"]
[SourceVersionDate "2023.10.10"]
[SourceQuality "1"]

1. e4 c5 2. Nf3 d6 3. d4 cxd4 4. Nxd4 Nf6 5. Nc3 a6 6. Bg5 e6 7. f4 Nc6 8. Qd2 h6 9. Bxf6 Qxf6 10. Nf3 Be7 11. 0-0-0 b5 12. Kb1 0-0 13. Bd3 b4 14. Ne2 e5 15. f5 Rd8 16. g4 d5 17. Ng3 d4 18. h4 Qd6 19. g5 Kh7 20. gxh6 Qxh6 21. Ng5+ Kg8 22. Bc4 Rf8 23. Rdg1 Na5 24. Bd5 Bb7 25. f6 Bxf6 26. Nf5 Qh5 27. Qxb4 Bxd5 28. exd5 Bd8 29. Nxg7 1-0

[Event "COL-ch U14"]
[Site "Villavicencio"]
[Date "2009.03.22"]
[Round "7"]
[White "Valencia, Andres Felipe"]
[Black "Acevedo, Johan Sebastian"]
[Result "0-1"]
[WhiteElo "1933"]
[BlackElo "2153"]
[PlyCount "58"]
[EventDate "2009.03.19"]
[EventType "swiss"]
[EventRounds "7"]
[EventCountry "COL"]
[SourceTitle "EXT 2024"]
[Source "ChessBase"]
[SourceDate "2023.10.10"]
[SourceVersion "1"]
[SourceVersionDate "2023.10.10"]
[SourceQuality "1"]

1. e4 c5 2. Nf3 d6 3. d3 Nc6 4. Nbd2 e5 5. g3 g6 6. Bg2 Bg7 7. 0-0 Nge7 8. Re1 0-0 9. c3 h6 10. Nf1 Kh7 11. h3 Be6 12. g4 f5 13. exf5 gxf5 14. gxf5 Nxf5 15. Ne3 Nh4 16. Ng4 Nxg2 17. Kxg2 Bd5 18. Ngh2 Qf6 19. c4 Qg6+ 20. Kh1 Bxf3+ 21. Nxf3 Qf5 22. Kg2 Nd4 23. Re3 Rf6 24. Nxd4 Qxf2+ 25. Kh1 exd4 26. Re2 Qf3+ 27. Kh2 Re8 28. Rd2 Qf4+ 29. Kh1 Qg3 0-1

[Event "COL-ch U14"]
[Site "Villavicencio"]
[Date "2009.03.21"]
[Round "6"]
[White "Acevedo, Johan Sebastian"]
[Black "Hernandez Sanchez, Jairo Andres"]
[Result "1-0"]
[WhiteElo "2153"]
[BlackElo "2018"]
[PlyCount "79"]
[EventDate "2009.03.19"]
[EventType "swiss"]
[EventRounds "7"]
[EventCountry "COL"]
[SourceTitle "EXT 2024"]
[Source "ChessBase"]
[SourceDate "2023.10.10"]
[SourceVersion "1"]
[SourceVersionDate "2023.10.10"]
[SourceQuality "1"]

1. e4 c5 2. Nf3 g6 3. d4 cxd4 4. Nxd4 Bg7 5. c4 Nc6 6. Be3 Nf6 7. Nc3 0-0 8. Be2 d6 9. 0-0 Bd7 10. Qd2 Rc8 11. Rab1 Ne5 12. b3 Neg4 13. Bg5 h6 14. Bh4 Qb6 15. h3 Ne5 16. Bxf6 exf6 17. Nd5 Qd8 18. Rfc1 a6 19. b4 Nc6 20. Nb3 f5 21. b5 Ne7 22. bxa6 bxa6 23. Na5 Nxd5 24. exd5 f4 25. Kh1 Be5 26. f3 Bf5 27. Rb7 Qh4 28. Bf1 g5 29. Nc6 Rxc6 30. dxc6 g4 31. c7 Bc8 32. Rb8 Qe7 33. Qa5 g3 34. Bd3 Qh4 35. Rxc8 Rxc8 36. Bf5 Bb2 37. Bxc8 Bxc1 38. Bd7 Qf6 39. c8Q+ Kg7 40. Qad8 1-0

[Event "COL-ch U14"]
[Site "Villavicencio"]
[Date "2009.03.20"]
[Round "4"]
[White "Acevedo, Johan Sebastian"]
[Black "Ospina, Carl Erik"]
[Result "1-0"]
[WhiteElo "2153"]
[BlackElo "1975"]
[PlyCount "69"]
[EventDate "2009.03.19"]
[EventType "swiss"]
[EventRounds "7"]
[EventCountry "COL"]
[SourceTitle "EXT 2024"]
[Source "ChessBase"]
[SourceDate "2023.10.10"]
[SourceVersion "1"]
[SourceVersionDate "2023.10.10"]
[SourceQuality "1"]

1. e4 e6 2. d4 d5 3. Nc3 Bb4 4. e5 c5 5. a3 Bxc3+ 6. bxc3 c4 7. Qg4 g6 8. h4 h5 9. Qg3 Nc6 10. Nh3 Nge7 11. Ng5 Nf5 12. Qf3 b5 13. Bd2 a5 14. g4 hxg4 15. Qxg4 Ng7 16. Qf3 Qc7 17. Qf6 Rg8 18. Be2 Qe7 19. Nh7 Ra7 20. Bg5 Qc7 21. Qf4 Rh8 22. Nf6+ Kf8 23. Bh6 Ne7 24. Bg4 Qb6 25. h5 gxh5 26. Nxh5 Ke8 27. Bxg7 Rxh5 28. Rxh5 Ng6 29. Qf3 b4 30. Ke2 bxa3 31. Rah1 a2 32. Rh8+ Nxh8 33. Rxh8+ Kd7 34. Qxd5+ Kc7 35. Qxc4+ 1-0

[Event "Bogota IRT Distrital U14"]
[Site "Bogota"]
[Date "2009.03.08"]
[Round "4.1"]
[White "Acevedo, Johan Sebastian"]
[Black "Ruiz Castillo, Joshua Daniel"]
[Result "1/2-1/2"]
[WhiteElo "2153"]
[BlackElo "2193"]
[PlyCount "122"]
[EventDate "2009.03.07"]
[EventType "swiss"]
[EventRounds "5"]
[EventCountry "COL"]
[SourceTitle "EXT 2024"]
[Source "ChessBase"]
[SourceDate "2023.10.10"]
[SourceVersion "1"]
[SourceVersionDate "2023.10.10"]
[SourceQuality "1"]

1. e4 c5 2. Nf3 d6 3. d4 cxd4 4. Nxd4 Nf6 5. Nc3 g6 6. f3 Bg7 7. Be3 0-0 8. Qd2 Nc6 9. 0-0-0 Nxd4 10. Bxd4 Be6 11. h4 Qa5 12. Kb1 Rfc8 13. a3 Rab8 14. g4 b5 15. Nd5 Qxd2 16. Nxf6+ Bxf6 17. Rxd2 Bxd4 18. Rxd4 Rc5 19. Rh2 a5 20. c3 Rbc8 21. Kc2 Bc4 22. Bxc4 Rxc4 23. Kd3 f6 24. Rxc4 Rxc4 25. b3 Rc7 26. Rb2 Kf7 27. a4 Rb7 28. axb5 Rxb5 29. b4 axb4 30. cxb4 Ke6 31. Kc4 Rb7 32. f4 Kd7 33. b5 e6 34. f5 gxf5 35. gxf5 Rc7+ 36. Kb4 exf5 37. exf5 Rc5 38. Ka5 Kc7 39. Rg2 Rxf5 40. Ka6 Rf1 41. b6+ Kc6 42. Rc2+ Kd7 43. Rc7+ Ke6 44. b7 Ra1+ 45. Kb6 Rb1+ 46. Ka7 Ra1+ 47. Kb8 Rg1 48. Rc6 Kd7 49. Ra6 Rb1 50. Ka8 f5 51. b8Q Rxb8+ 52. Kxb8 Ke6 53. Kc7 f4 54. Rxd6+ Kf5 55. Kd7 h5 56. Ke7 f3 57. Rf6+ Kg4 58. Kf7 Kxh4 59. Rxf3 Kg4 60. Ra3 h4 61. Kg6 h3 1/2-1/2

[Event "Bogota IRT Distrital U14"]
[Site "Bogota"]
[Date "2009.03.07"]
[Round "2"]
[White "Acevedo, Johan Sebastian"]
[Black "Mora, Monica"]
[Result "1-0"]
[WhiteElo "2153"]
[BlackElo "1975"]
[PlyCount "54"]
[EventDate "2009.03.07"]
[EventType "swiss"]
[EventRounds "5"]
[EventCountry "COL"]
[SourceTitle "EXT 2024"]
[Source "ChessBase"]
[SourceDate "2023.10.10"]
[SourceVersion "1"]
[SourceVersionDate "2023.10.10"]
[SourceQuality "1"]

1. e4 e5 2. Nf3 Nc6 3. Bc4 Nf6 4. d3 Bc5 5. 0-0 d6 6. c3 h6 7. d4 exd4 8. cxd4 Bb6 9. Re1 0-0 10. h3 Re8 11. Nc3 Ba5 12. Qb3 Re7 13. e5 dxe5 14. dxe5 Bxc3 15. bxc3 Nd7 16. Bxf7+ Kh8 17. Ba3 Rxe5 18. Rxe5 Ndxe5 19. Nxe5 Nxe5 20. Re1 Nxf7 21. Qxf7 Kh7 22. Re7 Qg8 23. Qf4 Qd5 24. Qxc7 Qg5 25. Re5 Qg6 26. Kh2 Qc6 27. Qd8 Qxc3 1-0